00645nam a22002057a 450000500170000001000150001702000260003203500140005803700130007208200130008510000210009824500950011925000120021426000250022627000890025130000330034050000180037370000220039170000260041320210810124622.0 aENG-129735 a9789353948108c749.00 aEN-113267 bDBAD/PUB a624.0221 aMadsen, David P. aCivil drafting technology /cby David P. Madsen, David A. Madsen [and] Terence M. Shumaker a8th ed. aNoidabPearsonc2021 a15th Floor, Tower-B, World Trade Tower, Plot No.1, Block-C, Sector-16bNoidae201301 axiv, 510p.:c25cm(pbk)bill. ainclude index aMadsen, David A.  aShumaker, Terence M.